Progress in phytochemistry. V4 (Record no. 27605)

MARC details
000 -LEADER
fixed length control field 00526nam a2200205Ia 4500
082 ## - DEWEY DECIMAL CLASSIFICATION NUMBER
Classification number 581.19
Item number REI.4;1
245 #0 - TITLE STATEMENT
Title Progress in phytochemistry. V4
260 ## - PUBLICATION, DISTRIBUTION, ETC. (IMPRINT)
Place of publication New York
Name of publisher Pergamon
Year of publication 1977
650 ## - SUBJECT ADDED ENTRY--TOPICAL TERM
Topical Term Biochemistry
650 ## - SUBJECT ADDED ENTRY--TOPICAL TERM
Topical Term Cyanogenic glycoside
650 ## - SUBJECT ADDED ENTRY--TOPICAL TERM
Topical Term Flavonoid sulphate
650 ## - SUBJECT ADDED ENTRY--TOPICAL TERM
Topical Term Higher plant
650 ## - SUBJECT ADDED ENTRY--TOPICAL TERM
Topical Term Nitrogen assimilation
650 ## - SUBJECT ADDED ENTRY--TOPICAL TERM
Topical Term Phytochemistry
650 ## - SUBJECT ADDED ENTRY--TOPICAL TERM
Topical Term Plant amine
650 ## - SUBJECT ADDED ENTRY--TOPICAL TERM
Topical Term Steroid
700 ## - ADDED ENTRY--PERSONAL NAME
Personal name REINHOLD, L
942 ## - ADDED ENTRY ELEMENTS (KOHA)
Koha item type Books
Holdings
Withdrawn status Lost status Damaged status Not for loan Home library Current library Date acquired Full call number Accession Number Koha item type
        RRII Library RRII Library 16/12/2021 581.19 REI.4;1 08222 Books